| 000 | 00295 a2200121 4500 | ||
|---|---|---|---|
| 999 |
_c321841 _d321841 |
||
| 001 | 86768 | ||
| 003 | NUST | ||
| 005 | 20180123115418.0 | ||
| 008 | 180123b xxu||||| |||| 00| 0 eng d | ||
| 082 | _a618.2 MUR | ||
| 100 |
_aMurkott, Heidi _99613 |
||
| 245 |
_aWhat to expect before you're _hEnglish |
||
| 260 |
_aLondon _bSimon & Sehuster _c2009 |
||
| 300 | _a276p. | ||
| 942 |
_aCAE NUST _cBK _k618.2 MUR _2ddc |
||